| 000 | 01425nmc a2200433 a 4500 | ||
|---|---|---|---|
| 003 | AR-BaBNM | ||
| 005 | 20251128203949.0 | ||
| 008 | 135119s1974 ||||||||||||||000 | spa|| | ||
| 040 | _cAR-BaBNM | ||
| 100 | 1 | _aOrem, R.C. | |
| 245 | 1 | 0 | _aLa teoría y el metodo Montessori en la actualidad |
| 250 | _a1ª ed. | ||
| 260 |
_aBuenos Aires _bPaidós _c1974 |
||
| 300 |
_a235 p. _bil. |
||
| 490 | 0 |
_aBiblioteca del educador contemporáneo. Didáctica Mayor _vv. 2 |
|
| 500 | _aPrefacio de Coman McCarthy | ||
| 500 | _aOrganizaciones Montessori: p. 219-225 | ||
| 504 | _aApéndice con bibliografía comentada de libros y folletos escritos por la doctora Montessori: p. 226-232 | ||
| 650 | 4 | _aFILOSOFIA DE LA EDUCACION | |
| 650 | 4 | _aMETODOS DE ENSENANZA | |
| 650 | 4 | _aTRABAJO DE INVESTIGACION | |
| 650 | 4 | _aENTREVISTAS | |
| 650 | 4 | _aENCUESTAS | |
| 650 | 4 | _aPSICOLOGIA DEL NINO | |
| 650 | 4 | _aTEORIAS DE LA EDUCACION | |
| 650 | 4 | _aEVALUACION DEL PLAN DE ESTUDIOS | |
| 650 | 4 | _aINVESTIGADORES EN EDUCACION | |
| 650 | 4 | _aTECNOLOGIA EDUCATIVA | |
| 653 | _aMETODO MONTESSORI | ||
| 653 | _aINVESTIGACION EDUCATIVA | ||
| 653 | _aPROBLEMAS EDUCATIVOS | ||
| 653 | _aMODELOS EDUCATIVOS | ||
| 700 | 1 |
_aLópez, Beatriz _etraductor |
|
| 700 | 1 |
_aHumphrey, Muriel _eprologuista |
|
| 800 | 1 |
_aRomero Brest, Gilda Lamarque de _edirector |
|
| 800 | 1 |
_aBernstein, Jaime _edirector |
|
| 942 | _cBK | ||
| 998 | _cEthel | ||
| 999 |
_c5632 _d5632 |
||